000 00313nam a22001217a 4500
008 170424b xxu||||| |||| 00| 0 eng d
041 _aeng
080 _23 ED
_a547
100 _a12
101 _aSHM
245 _aPUSHING ELECTRONS A GUIDE FOR STUDENTS OF ORGANIC CHEMISTRY
_cWEEKS.D.P
942 _2udc
_cBK
999 _c11799
_d11799